| 000 | 00535nam a22001817a 4500 | ||
|---|---|---|---|
| 005 | 20251108165801.0 | ||
| 008 | 250721s1984 xx 000 0 ara d | ||
| 082 | 1 | 4 | _aم/415.03/نمر |
| 100 | 1 | _aسرحان، نمر | |
| 245 | 1 | 0 | _aمعجم قواعد اللغة العربية / |
| 264 | 1 |
_aعمان : _bمطابع الدستور التجارية، _c1984. |
|
| 300 | _a148ص | ||
| 650 | 1 | 7 | _aاللغة العربية |
| 650 | 1 | 7 | _aالنحو والصرف |
| 650 | 1 | 7 | _aالقواميس |
| 942 |
_2ddc _cREF |
||
| 999 |
_c31222 _d31222 |
||